[Event "4NCL Division Four"]
[Site "Telford, ENG"]
[Date "2024.01.06"]
[Round "3.11"]
[White "Kay, Lee P"]
[Black "Cooper, John G"]
[Result "0-1"]
[WhiteElo "2016"]
[BlackElo "2283"]
[PlyCount "74"]
[EventDate "2024.01.06"]
[WhiteTeam "Average Woodpushers"]
[BlackTeam "North West Eagles"]

1. d4 Nf6 2. c4 g6 3. Nc3 Bg7 4. e4 d6 5. f4 O-O 6. Nf3 c5 7. dxc5 Qa5 8. Bd3
Qxc5 9. Qe2 Nc6 10. Be3 Qa5 11. O-O Bg4 12. h3 Bxf3 13. Qxf3 Nd7 14. a3 Nc5 15.
b4 Qd8 16. bxc5 Bxc3 17. Rac1 Bd4 18. cxd6 Qxd6 19. c5 Bxe3+ 20. Qxe3 Qd4 21.
Qxd4 Nxd4 22. Rb1 Ne6 23. Bc4 Nxc5 24. Bd5 e6 25. Bxb7 Rab8 26. Bc6 Rbc8 27.
Bb7 Rc7 28. Rfc1 Rxb7 29. Rxb7 Nxb7 30. Rc7 Nd6 31. Rxa7 Nxe4 32. Ra4 Nc3 33.
Rc4 Nd5 34. g4 Ra8 35. f5 Rxa3 36. fxe6 fxe6 37. Kh2 g5 0-1

[Event "4NCL Division Four"]
[Site "Telford, ENG"]
[Date "2024.01.06"]
[Round "3.12"]
[White "Redmond, John P"]
[Black "Pelling, Kyle"]
[Result "1/2-1/2"]
[WhiteElo "2280"]
[BlackElo "2018"]
[PlyCount "84"]
[EventDate "2024.01.06"]
[WhiteTeam "North West Eagles"]
[BlackTeam "Average Woodpushers"]

1. c4 g6 2. d4 Bg7 3. Nf3 c5 4. d5 e5 5. e4 d6 6. Be2 Nf6 7. Nc3 O-O 8. O-O Na6
9. Ne1 Re8 10. a3 Nc7 11. Nd3 Rb8 12. b4 b6 13. Rb1 Bd7 14. Bd2 cxb4 15. axb4
a5 16. Qc2 Qe7 17. bxa5 bxa5 18. Ra1 Ra8 19. Rfb1 Rec8 20. f3 Nfe8 21. Na4 Bxa4
22. Rxa4 f5 23. Rxa5 Rxa5 24. Bxa5 fxe4 25. fxe4 Nf6 26. Nf2 Na6 27. Bd2 Nc5
28. Be3 Nfd7 29. Bg4 Ra8 30. Bxd7 Nxd7 31. Qb3 Nf6 32. h3 Rc8 33. Qb5 Qc7 34.
Rc1 Nd7 35. Nd3 Bf8 36. Nf2 Be7 37. Qb3 Kh8 38. Qb2 Nc5 39. Qa3 Nd7 40. Qa7
Qxa7 41. Bxa7 Bg5 42. Rc3 Rc7 1/2-1/2

[Event "4NCL Division Four"]
[Site "Telford, ENG"]
[Date "2024.01.06"]
[Round "3.13"]
[White "Mulleady, Peter J"]
[Black "Williamson, Roger G"]
[Result "1-0"]
[WhiteElo "1957"]
[BlackElo "2227"]
[PlyCount "77"]
[EventDate "2024.01.06"]
[WhiteTeam "Average Woodpushers"]
[BlackTeam "North West Eagles"]

1. e4 e6 2. d4 d5 3. e5 c5 4. c3 Nc6 5. Nf3 Nge7 6. Na3 Nf5 7. Nc2 Be7 8. Be2
Bd7 9. O-O O-O 10. Ne3 Nh4 11. Nxh4 Bxh4 12. b3 cxd4 13. cxd4 Qb6 14. Nc2 Be7
15. Be3 f6 16. exf6 Bxf6 17. Qd2 Rae8 18. Rac1 Be7 19. Rfd1 Bd6 20. h3 a6 21.
Bd3 Rf7 22. Be2 Ref8 23. Ne1 Ba3 24. Rb1 Bb4 25. Qb2 Qa5 26. Nf3 e5 27. Nxe5
Nxe5 28. dxe5 Bc3 29. b4 Qc7 30. Qb3 Bxe5 31. Rbc1 Bc6 32. a4 Bh2+ 33. Kh1 Qe5
34. b5 axb5 35. axb5 d4 36. bxc6 dxe3 37. Qxe3 Rxf2 38. Bc4+ Kh8 39. Qxf2 1-0

[Event "4NCL Division Four"]
[Site "Telford, ENG"]
[Date "2024.01.06"]
[Round "3.14"]
[White "Kee, Steve"]
[Black "Sajanani, Vikas"]
[Result "0-1"]
[WhiteElo "2170"]
[BlackElo "1949"]
[PlyCount "78"]
[EventDate "2024.01.06"]
[WhiteTeam "North West Eagles"]
[BlackTeam "Average Woodpushers"]

1. c4 e5 2. Nc3 Nf6 3. g3 Bb4 4. e4 O-O 5. Nge2 Re8 6. Bg2 c6 7. O-O d6 8. h3
Nfd7 9. d4 exd4 10. Nxd4 Ne5 11. Nce2 Nxc4 12. Qb3 Nd2 13. Qxb4 Nxf1 14. Qc3 c5
15. Nc2 d5 16. Kxf1 dxe4 17. Be3 b6 18. Nf4 Bb7 19. Nh5 f6 20. Bf4 Nc6 21. Be3
Ne5 22. Kg1 Qd6 23. Na3 Nf3+ 24. Bxf3 exf3 25. Qc4+ Kh8 26. Qg4 g6 27. Nf4 Re4
28. Nb5 Qe7 29. Qxf3 Rb4 30. Nd5 Rxb5 31. Qd1 Qe4 32. Qf1 Bxd5 33. Kh2 Rxb2 34.
Re1 Re8 35. Bd2 Rxd2 36. Rxe4 Rxe4 37. Qa6 Rxf2+ 38. Kg1 Rg2+ 39. Kf1 Bc4+ 0-1

[Event "4NCL Division Four"]
[Site "Telford, ENG"]
[Date "2024.01.06"]
[Round "3.15"]
[White "Scoular, Adam"]
[Black "Doran, Chris"]
[Result "0-1"]
[WhiteElo "1939"]
[BlackElo "1996"]
[PlyCount "76"]
[EventDate "2024.01.06"]
[WhiteTeam "Average Woodpushers"]
[BlackTeam "North West Eagles"]

1. d4 Nf6 2. Bg5 g6 3. Nc3 d5 4. Bxf6 exf6 5. e4 dxe4 6. Qe2 f5 7. f3 Nc6 8.
O-O-O Bg7 9. d5 Ne5 10. f4 Nd7 11. Nf3 O-O 12. Nd4 Nb6 13. Qb5 Qd6 14. g3 Rd8
15. Be2 Bd7 16. Qa5 a6 17. Nb3 Rac8 18. Nc5 Rb8 19. Rhe1 Bb5 20. Nb3 Bxe2 21.
Rxe2 Nc4 22. Qc5 Qxc5 23. Nxc5 Bxc3 24. bxc3 Rd6 25. Rd4 b5 26. Nb3 Nb6 27. Na5
Rxd5 28. Nc6 Re8 29. Rxd5 Nxd5 30. Kd2 Kf8 31. Nb4 Nxb4 32. cxb4 Ke7 33. Re3
Rd8+ 34. Kc3 Rd5 35. g4 fxg4 36. Rxe4+ Kd7 37. a3 f5 38. Re3 Rd1 0-1

[Event "4NCL Division Four"]
[Site "Telford, ENG"]
[Date "2024.01.06"]
[Round "3.16"]
[White "Banerjee, Sanjoy K"]
[Black "Hutchinson, Joel"]
[Result "0-1"]
[WhiteElo "1727"]
[BlackElo "1896"]
[PlyCount "93"]
[EventDate "2024.01.06"]
[WhiteTeam "North West Eagles"]
[BlackTeam "Average Woodpushers"]

1. d4 e6 2. c4 f5 3. g3 Nf6 4. Bg2 Be7 5. Nf3 O-O 6. O-O d6 7. Nc3 Ne4 8. Nxe4
fxe4 9. Ne1 d5 10. f3 Nc6 11. Be3 Bg5 12. Bxg5 Qxg5 13. f4 Qd8 14. Nc2 Bd7 15.
Ne3 Qf6 16. Ng4 Qxd4+ 17. Qxd4 Nxd4 18. Ne5 Bc6 19. Kf2 e3+ 20. Kg1 Nxe2+ 21.
Kh1 Nd4 22. Rfd1 Nc2 23. Rac1 e2 24. Re1 Nxe1 25. Rxe1 d4 26. Bxc6 bxc6 27.
Rxe2 c5 28. Nd7 Rf5 29. Re4 g5 30. fxg5 Rxg5 31. Kg2 Rd8 32. h4 Rf5 33. g4 Rxd7
34. gxf5 exf5 35. Re2 d3 36. Rd2 Kf7 37. b3 Kg6 38. Kg3 Rd4 39. Kf3 Rxh4 40.
Ke3 Re4+ 41. Kf3 Rd4 42. Ke3 f4+ 43. Kf3 Kf5 44. Rd1 d2 45. b4 cxb4 46. a3 bxa3
47. Rxd2 0-1

[Event "4NCL Division Four"]
[Site "Telford, ENG"]
[Date "2024.01.06"]
[Round "3.21"]
[White "Rathbone-Jones, Ifan"]
[Black "Onley, David E"]
[Result "1/2-1/2"]
[WhiteElo "2101"]
[BlackElo "2153"]
[PlyCount "40"]
[EventDate "2024.01.06"]
[WhiteTeam "ToBeDecided"]
[BlackTeam "War and Piece A"]

1. d4 e6 2. Bf4 f5 3. e3 Nf6 4. h3 b6 5. Nf3 Bb7 6. g4 Be7 7. Bd3 g6 8. Rg1 d5
9. Be5 Bd6 10. Nbd2 Qe7 11. Bxd6 Qxd6 12. Ne5 Nbd7 13. f4 Ne4 14. Bxe4 fxe4 15.
Nxd7 Kxd7 16. Qe2 Qb4 17. O-O-O Qa5 18. Kb1 Ba6 19. Qh2 Qb4 20. a3 Qd6 1/2-1/2

[Event "4NCL Division Four"]
[Site "Telford, ENG"]
[Date "2024.01.06"]
[Round "3.22"]
[White "Tenin, Aleksander"]
[Black "Guha, Chirag"]
[Result "1-0"]
[WhiteElo "2045"]
[BlackElo "2126"]
[PlyCount "43"]
[EventDate "2024.01.06"]
[WhiteTeam "War and Piece A"]
[BlackTeam "ToBeDecided"]

1. e4 e5 2. Bc4 Nf6 3. Qf3 Nc6 4. Ne2 Bc5 5. d3 h6 6. c3 d6 7. b4 Bb6 8. Na3
Qe7 9. Nc2 Bg4 10. Qg3 Bxe2 11. Kxe2 Nd8 12. Qxg7 Rg8 13. Qxh6 Rxg2 14. Qh8+
Ng8 15. Ne3 Rg6 16. Nd5 Qf8 17. Bd2 Ne6 18. Rag1 Rxg1 19. Rxg1 Ne7 20. Nf6+ Kd8
21. Qh3 d5 22. exd5 1-0

[Event "4NCL Division Four"]
[Site "Telford, ENG"]
[Date "2024.01.06"]
[Round "3.23"]
[White "Gurner, Jem"]
[Black "O'Byrne, Daniel"]
[Result "1-0"]
[WhiteElo "2080"]
[BlackElo "1731"]
[PlyCount "81"]
[EventDate "2024.01.06"]
[WhiteTeam "ToBeDecided"]
[BlackTeam "War and Piece A"]

1. e4 e6 2. d4 d5 3. Nd2 Nf6 4. e5 Nfd7 5. c3 c5 6. Ngf3 Nc6 7. Bd3 Qb6 8. O-O
cxd4 9. cxd4 Be7 10. Nb3 Na5 11. Nxa5 Qxa5 12. h4 Nf8 13. Qe2 h6 14. Bd2 Bb4
15. Be3 Bd7 16. a3 Be7 17. b4 Qb6 18. Rfb1 a6 19. a4 Qd8 20. h5 Nh7 21. Nd2 O-O
22. f4 f5 23. g4 Rc8 24. b5 a5 25. Rc1 b6 26. Qg2 Kh8 27. gxf5 Qe8 28. fxe6
Bxe6 29. Qg6 Bg8 30. Nf3 Qd7 31. f5 Ng5 32. Nxg5 hxg5 33. h6 Rxc1+ 34. Rxc1 Bd8
35. hxg7+ Qxg7 36. Qxg7+ Kxg7 37. f6+ Kh6 38. Rc2 Bxf6 39. exf6 Rxf6 40. Rc6
Re6 41. Bf5 1-0

[Event "4NCL Division Four"]
[Site "Telford, ENG"]
[Date "2024.01.06"]
[Round "3.24"]
[White "Ross, David C"]
[Black "Cotterill, Sam"]
[Result "0-1"]
[WhiteElo "1719"]
[BlackElo "1737"]
[PlyCount "34"]
[EventDate "2024.01.06"]
[WhiteTeam "War and Piece A"]
[BlackTeam "ToBeDecided"]

1. e4 c5 2. Nf3 e6 3. Bd3 d5 4. exd5 exd5 5. O-O Nf6 6. c3 Nc6 7. h3 Bd6 8. Bc2
d4 9. Re1+ Be6 10. Ng5 O-O 11. Nxe6 fxe6 12. Rxe6 d3 13. Bxd3 Ne5 14. Qb3 Kh8
15. Bf1 Nfg4 16. Rxd6 Qxd6 17. d4 Nf3+ 0-1

[Event "4NCL Division Four"]
[Site "Telford, ENG"]
[Date "2024.01.06"]
[Round "3.25"]
[White "MacDonald, Duncan"]
[Black "Morrison, Munroe L"]
[Result "1-0"]
[WhiteElo "1751"]
[BlackElo "1697"]
[PlyCount "99"]
[EventDate "2024.01.06"]
[WhiteTeam "ToBeDecided"]
[BlackTeam "War and Piece A"]

1. c4 c6 2. Nc3 d5 3. d4 Nf6 4. cxd5 cxd5 5. Bg5 Nc6 6. e3 a6 7. Bd3 e6 8. a3
Be7 9. Nf3 h6 10. Bh4 Nh5 11. Bxe7 Qxe7 12. O-O b5 13. Rc1 Bb7 14. Nxb5 O-O 15.
Nc3 Nf6 16. Na4 Rfb8 17. Nc5 Bc8 18. b4 e5 19. Be2 e4 20. Nd2 Rb6 21. Ndb3 Na7
22. Qd2 Nb5 23. a4 Nd6 24. a5 Rc6 25. Na4 Nc4 26. Bxc4 dxc4 27. Nbc5 Nd5 28.
Nc3 Nxc3 29. Rxc3 Rg6 30. f4 Bh3 31. Rf2 Rb8 32. Rxc4 Qe8 33. d5 f5 34. d6 Rd8
35. Rd4 Qc6 36. d7 Bg4 37. Qa2+ Kh7 38. Qd5 Qc7 39. Rfd2 h5 40. h3 Bxh3 41. Kh2
Bg4 42. Rc4 h4 43. Nb7 Rxd7 44. Rxc7 Rxc7 45. Nc5 h3 46. Qd8 Rcc6 47. Nd7 Rh6
48. Nf8+ Kh8 49. Ne6+ Kh7 50. Ng5+ 1-0

[Event "4NCL Division Four"]
[Site "Telford, ENG"]
[Date "2024.01.06"]
[Round "3.26"]
[White "Woolf, Ben"]
[Black "Davies, Callum"]
[Result "0-1"]
[WhiteElo "1602"]
[BlackElo "1684"]
[PlyCount "88"]
[EventDate "2024.01.06"]
[WhiteTeam "War and Piece A"]
[BlackTeam "ToBeDecided"]

1. e4 e5 2. Nc3 Nc6 3. Bc4 Bc5 4. Qg4 Kf8 5. Qf3 Nf6 6. Nge2 d6 7. h3 Na5 8.
Bb3 Nxb3 9. axb3 c6 10. Na4 Bb4 11. Nac3 Be6 12. O-O g5 13. d4 g4 14. hxg4 Bxg4
15. Bh6+ Ke8 16. Qe3 Rg8 17. dxe5 Bc5 18. Qd2 dxe5 19. Ng3 Bf3 20. Qxd8+ Rxd8
21. gxf3 Rxg3+ 22. Kh2 Rg6 23. Bc1 Ke7 24. Ne2 Nh5 25. Ra5 b5 26. c4 Bb6 27.
Ra6 Rdg8 28. Rxb6 axb6 29. cxb5 cxb5 30. Nc3 Nf4 31. Bxf4 exf4 32. Nd5+ Kd6 33.
Nxf4 Rh6+ 34. Nh3 Rg5 35. Rd1+ Kc5 36. Rd5+ Rxd5 37. exd5 Kxd5 38. Kg3 Kc5 39.
Nf4 Kb4 40. Ne2 Kxb3 41. Nd4+ Kc4 42. Nf5 Rg6+ 43. Kf4 b4 44. Ne3+ Kb3 0-1

[Event "4NCL Division Four"]
[Site "Telford, ENG"]
[Date "2024.01.06"]
[Round "3.31"]
[White "Madan, Augustin"]
[Black "Kothari, Jai"]
[Result "1/2-1/2"]
[WhiteElo "2283"]
[BlackElo "2039"]
[PlyCount "62"]
[EventDate "2024.01.06"]
[WhiteTeam "Desert Penguins"]
[BlackTeam "Guildford Young Guns"]

1. d4 Nf6 2. c4 c5 3. e3 cxd4 4. exd4 g6 5. Nf3 Bg7 6. Nc3 O-O 7. Be2 d5 8. c5
Nc6 9. O-O Ne4 10. Be3 f5 11. Bf4 h6 12. Bb5 Nxd4 13. Nxd4 e5 14. Nc6 bxc6 15.
Bxc6 Nxc3 16. bxc3 Rb8 17. Bxd5+ Kh7 18. Bc1 Qa5 19. c4 Qxc5 20. Qa4 Qc7 21.
Be3 a6 22. Qa3 Bb7 23. Qc5 Qd7 24. Qa7 Qc8 25. Rac1 f4 26. Bc5 Rd8 27. Be7 Rd7
28. Be6 Qc6 29. Bd5 Qc8 30. Be6 Qc6 31. Bd5 Qc8 1/2-1/2

[Event "4NCL Division Four"]
[Site "Telford, ENG"]
[Date "2024.01.06"]
[Round "3.32"]
[White "Sefton, Adam"]
[Black "Sedykh, Mikhail"]
[Result "0-1"]
[WhiteElo "1808"]
[BlackElo "2138"]
[PlyCount "112"]
[EventDate "2024.01.06"]
[WhiteTeam "Guildford Young Guns"]
[BlackTeam "Desert Penguins"]

1. d4 d5 2. c4 e6 3. Nc3 Be7 4. cxd5 exd5 5. Qc2 c6 6. Bf4 Nf6 7. e3 Nh5 8. Bg3
Nxg3 9. hxg3 h6 10. Bd3 Nd7 11. Nge2 Nf6 12. f3 Qd6 13. a3 Be6 14. b4 a5 15.
O-O axb4 16. axb4 O-O 17. Na4 Rfe8 18. b5 cxb5 19. Bxb5 Bd7 20. Rab1 Bxb5 21.
Rxb5 Qa3 22. Nac3 Bb4 23. Kf2 Rec8 24. Rc1 Rc7 25. Qb1 Bxc3 26. Rb3 Be1+ 27.
Rxe1 Qe7 28. Rc1 Rxc1 29. Qxc1 Rd8 30. Nf4 g5 31. Nd3 g4 32. Nc5 Rb8 33. Qb1
gxf3 34. gxf3 Nh5 35. Qf5 Ng7 36. Qf4 Qe8 37. Nxb7 Qc8 38. g4 Rxb7 39. Rxb7
Qxb7 40. Qxh6 Qb2+ 41. Kg3 Qc1 42. Qg5 Qc7+ 43. f4 Qd6 44. Qh4 Ne8 45. Qg5+ Kf8
46. Kf3 Nf6 47. Qh6+ Ke7 48. Qg5 Qe6 49. f5 Qa6 50. Kf4 Qd6+ 51. Kf3 Qh2 52.
Qg7 Qh1+ 53. Kf4 Qg2 54. Qg5 Qf2+ 55. Ke5 Qg3+ 56. Qf4 Nxg4+ 0-1

[Event "4NCL Division Four"]
[Site "Telford, ENG"]
[Date "2024.01.06"]
[Round "3.33"]
[White "Bharat Kumar, Balahari"]
[Black "Welling, Zac"]
[Result "1-0"]
[WhiteElo "2027"]
[BlackElo "1841"]
[PlyCount "129"]
[EventDate "2024.01.06"]
[WhiteTeam "Desert Penguins"]
[BlackTeam "Guildford Young Guns"]

1. d4 Nf6 2. c4 g6 3. Nc3 Bg7 4. g3 O-O 5. Bg2 d6 6. Nf3 Nbd7 7. O-O e5 8. e4
exd4 9. Nxd4 Re8 10. Re1 a6 11. h3 Rb8 12. a4 Ne5 13. b3 c5 14. Nde2 Be6 15. f4
Nc6 16. Ra2 Qb6 17. Be3 Rbd8 18. Nc1 Nd7 19. Nd5 Bxd5 20. cxd5 Nd4 21. a5 Qc7
22. Ne2 Nb5 23. Qd3 Ra8 24. Bd2 Nd4 25. Bc3 Nxe2+ 26. Raxe2 b5 27. e5 c4 28.
bxc4 bxc4 29. Qd2 dxe5 30. fxe5 Rad8 31. e6 Qc5+ 32. Kh2 fxe6 33. Bxg7 Kxg7 34.
Rxe6 Nf6 35. Qc3 Rxe6 36. Rxe6 Rf8 37. g4 h6 38. d6 Qb5 39. Re7+ Rf7 40. Re6
Qb3 41. Qe5 Qd3 42. Re7 g5 43. d7 c3 44. Rxf7+ Kxf7 45. Bd5+ Nxd5 46. d8=Q Qd2+
47. Kg1 Qd1+ 48. Kh2 Qd2+ 49. Kg3 Qd3+ 50. Kf2 Qd2+ 51. Kg3 Qd3+ 52. Kf2 Qd2+
53. Qe2 Qd4+ 54. Ke1 Qg1+ 55. Qf1+ Qxf1+ 56. Kxf1 Ke6 57. Ke2 Ke5 58. Kd3 Ke6
59. Kc4 Nf6 60. Kxc3 Ne4+ 61. Kc2 Nd6 62. Qb6 Kd5 63. Qxa6 Ne4 64. Qb7+ Ke5 65.
Qxe4+ 1-0

[Event "4NCL Division Four"]
[Site "Telford, ENG"]
[Date "2024.01.06"]
[Round "3.34"]
[White "Twisk, Sebastian"]
[Black "Bansal, Rohan"]
[Result "1-0"]
[WhiteElo "1853"]
[BlackElo "1989"]
[PlyCount "129"]
[EventDate "2024.01.06"]
[WhiteTeam "Guildford Young Guns"]
[BlackTeam "Desert Penguins"]

1. e4 e6 2. d4 b6 3. Bd3 Bb7 4. Nc3 Bb4 5. Nge2 Nf6 6. O-O c5 7. e5 Ng4 8. Bf4
h5 9. Ne4 c4 10. Bxc4 Bxe4 11. f3 g5 12. Bd2 Bxd2 13. Qxd2 Nxh2 14. Kxh2 Bb7
15. Qe3 g4 16. Qf2 Qe7 17. fxg4 hxg4+ 18. Kg1 Nc6 19. Qf6 Qxf6 20. Rxf6 Ne7 21.
Ng3 Rc8 22. Bb3 Nd5 23. Rf2 Ne7 24. Raf1 Rh7 25. Rf4 Ng6 26. Rxg4 Ke7 27. c3
Ba6 28. Rf2 Rch8 29. Bc2 Rh6 30. Bxg6 fxg6 31. Rf6 Bd3 32. Kf2 d6 33. Ne4 dxe5
34. dxe5 Rd8 35. Ng5 Bf5 36. Rd4 Rxd4 37. cxd4 Rh4 38. Rf7+ Ke8 39. Rxa7 Rxd4
40. Nf3 Rc4 41. b3 Rc2+ 42. Kg3 Re2 43. Ra6 Kd7 44. Rxb6 Rxa2 45. Rd6+ Ke7 46.
Nd4 g5 47. b4 Ra3+ 48. Kh2 Re3 49. Ra6 g4 50. Ra7+ Ke8 51. Nxf5 exf5 52. b5 Rb3
53. Rb7 f4 54. b6 Kd8 55. e6 Rb2 56. Kg1 g3 57. Kf1 Rf2+ 58. Ke1 Rxg2 59. Rd7+
Ke8 60. b7 Rb2 61. Rg7 g2 62. Rxg2 Rb1+ 63. Kd2 Kd8 64. e7+ Kxe7 65. Rg8 1-0

[Event "4NCL Division Four"]
[Site "Telford, ENG"]
[Date "2024.01.06"]
[Round "3.35"]
[White "Quillaud, Maxime"]
[Black "Butcher, Nathaniel"]
[Result "1-0"]
[WhiteElo "1833"]
[BlackElo "1517"]
[PlyCount "113"]
[EventDate "2024.01.06"]
[WhiteTeam "Desert Penguins"]
[BlackTeam "Guildford Young Guns"]

1. d4 d5 2. c4 e6 3. Nc3 Nf6 4. Bf4 Bb4 5. Qa4+ Nc6 6. e3 Bxc3+ 7. bxc3 O-O 8.
Nf3 h6 9. h3 Bd7 10. Qc2 b6 11. Be2 Ne7 12. O-O dxc4 13. Bxc4 Bc6 14. Ne5 Bb7
15. Rfd1 Nc6 16. Nf3 Ne7 17. Be2 Be4 18. Qb3 Ned5 19. Bg3 Qc8 20. c4 Ne7 21.
Bh4 g5 22. Nxg5 hxg5 23. Bxg5 Kg7 24. f3 Bg6 25. e4 Rh8 26. Qe3 Qd7 27. e5 Nfg8
28. Bf6+ Nxf6 29. exf6+ Kf8 30. fxe7+ Qxe7 31. f4 Rd8 32. Kh2 Rd7 33. a4 Qd8
34. a5 Qb8 35. Qe5 Ke7 36. d5 Rf8 37. Bg4 Rd6 38. f5 bxa5 39. fxg6 f6 40. Qh5
Rh8 41. c5 Rxd5 42. Rxd5 c6+ 43. Rd6 Rxh5 44. Bxh5 Qh8 45. Rxa5 Qxh5 46. Rxa7+
Ke8 47. Rxe6+ Kd8 48. g7 Qg5 49. g8=Q+ Qxg8 50. Ra8+ Kd7 51. Rd6+ Kc7 52. Rxg8
Kb7 53. Rd7+ Ka6 54. Rb8 f5 55. Rd1 Ka7 56. Rb6 f4 57. Ra1# 1-0

[Event "4NCL Division Four"]
[Site "Telford, ENG"]
[Date "2024.01.06"]
[Round "3.36"]
[White "Jennis, Alistair"]
[Black "Sedykh, Stakhey"]
[Result "1/2-1/2"]
[WhiteElo "1397"]
[BlackElo "1609"]
[PlyCount "90"]
[EventDate "2024.01.06"]
[WhiteTeam "Guildford Young Guns"]
[BlackTeam "Desert Penguins"]

1. c4 e5 2. Nc3 Nc6 3. g3 g6 4. Bg2 Bg7 5. e3 d6 6. Nge2 f5 7. d4 Nf6 8. O-O
O-O 9. h3 Re8 10. b3 exd4 11. Nxd4 Nxd4 12. exd4 Ne4 13. Nxe4 fxe4 14. Be3 b6
15. Rc1 d5 16. Qd2 c6 17. Rcd1 Be6 18. Kh2 Qd7 19. Qc2 Rac8 20. Qd2 a5 21. c5
Qa7 22. a3 b5 23. b4 Ra8 24. Ra1 axb4 25. axb4 Qb7 26. Qb2 Rxa1 27. Rxa1 Ra8
28. Ra5 Rxa5 29. bxa5 Bf6 30. Qb4 Bd8 31. Bd2 Qf7 32. Kg1 Bc8 33. Qa3 Ba6 34.
Qb4 Kf8 35. Bf4 Bc7 36. Bd6+ Ke8 37. Bxc7 Qxc7 38. h4 Kd8 39. Bh3 Bc8 40. Bxc8
Kxc8 41. a6 Kb8 42. Kf1 Ka7 43. Qa3 Qc8 44. Qa5 Qb8 45. Ke1 b4 1/2-1/2

[Event "4NCL Division Four"]
[Site "Telford, ENG"]
[Date "2024.01.06"]
[Round "3.41"]
[White "Cooper, Neill"]
[Black "Walentowicz, Stefan"]
[Result "1-0"]
[WhiteElo "2008"]
[BlackElo "1867"]
[PlyCount "111"]
[EventDate "2024.01.06"]
[WhiteTeam "Lancaster"]
[BlackTeam "Ashfield 2"]

1. e4 d5 2. d4 e6 3. Nc3 Nf6 4. exd5 exd5 5. Bd3 Be6 6. Nf3 Nc6 7. O-O Be7 8.
Re1 O-O 9. Bg5 h6 10. Be3 a6 11. Ne2 Bd6 12. Nf4 Bg4 13. c3 Qd7 14. h3 Bf5 15.
Qc2 Bxd3 16. Qxd3 Rae8 17. b3 Bxf4 18. Bxf4 Re4 19. Qd2 Rfe8 20. Ne5 Qf5 21.
Bh2 Nxe5 22. dxe5 Rxe1+ 23. Rxe1 Ne4 24. Qe3 Qd7 25. c4 Ng5 26. Rd1 c6 27. f4
Nh7 28. Qd3 Rd8 29. Bg3 Qc7 30. c5 Qe7 31. Qd4 Qe6 32. Rf1 Qf5 33. Bh4 Rd7 34.
g4 Qe4 35. Qd2 Nf8 36. Re1 Qh7 37. f5 Rc7 38. Qa5 Rd7 39. e6 fxe6 40. fxe6 Nxe6
41. Rxe6 Qd3 42. Qe1 Rf7 43. Re8+ Kh7 44. Re7 Rxe7 45. Bxe7 Qxh3 46. Qe2 Qc3
47. Kg2 d4 48. Qe4+ Kh8 49. g5 Qd2+ 50. Kg3 hxg5 51. Kg4 d3 52. Bxg5 Qd1+ 53.
Kf5 Qf1+ 54. Kg6 Kg8 55. Qe6+ Kf8 56. Qc8# 1-0

[Event "4NCL Division Four"]
[Site "Telford, ENG"]
[Date "2024.01.06"]
[Round "3.42"]
[White "Bromilow, Edward T"]
[Black "Hymer, Barry"]
[Result "0-1"]
[WhiteElo "1780"]
[BlackElo "1959"]
[PlyCount "60"]
[EventDate "2024.01.06"]
[WhiteTeam "Ashfield 2"]
[BlackTeam "Lancaster"]

1. d4 Nf6 2. Nf3 c5 3. d5 b5 4. Bg5 Bb7 5. Bxf6 gxf6 6. e4 f5 7. exf5 Bg7 8. c3
Qb6 9. Be2 a6 10. O-O Qd6 11. Qc2 Bxd5 12. Rd1 Qc6 13. Nbd2 d6 14. c4 bxc4 15.
Nxc4 Be4 16. Bd3 Bxf3 17. gxf3 d5 18. Rab1 Nd7 19. Na5 Qc7 20. Qa4 Rg8 21. Kf1
Rb8 22. b4 Kf8 23. bxc5 Nxc5 24. Qc6 Qxc6 25. Nxc6 Rc8 26. Be2 Bh6 27. Nb8 Bf4
28. Nxa6 Bxh2 29. Bb5 Nxa6 30. Bxa6 Rc2 0-1

[Event "4NCL Division Four"]
[Site "Telford, ENG"]
[Date "2024.01.06"]
[Round "3.43"]
[White "Dobson, Graham"]
[Black "Richmond, Frank"]
[Result "1/2-1/2"]
[WhiteElo "1955"]
[BlackElo "1829"]
[PlyCount "56"]
[EventDate "2024.01.06"]
[WhiteTeam "Lancaster"]
[BlackTeam "Ashfield 2"]

1. f4 d5 2. Nf3 Nf6 3. g3 c5 4. Bg2 Nc6 5. d3 g6 6. O-O Bg7 7. e3 O-O 8. Nc3 b6
9. e4 d4 10. Ne2 e5 11. Nxe5 Nxe5 12. fxe5 Ng4 13. e6 fxe6 14. Nf4 e5 15. Nd5
Nf6 16. Bg5 Qd6 17. Bxf6 Bxf6 18. Nxf6+ Rxf6 19. Qe2 Ba6 20. Rxf6 Qxf6 21. Rf1
Qe7 22. Bh3 Rf8 23. Qg4 Rxf1+ 24. Kxf1 Qf7+ 25. Ke2 Qe7 26. b3 b5 27. Qe6+ Qxe6
28. Bxe6+ Kf8 1/2-1/2

[Event "4NCL Division Four"]
[Site "Telford, ENG"]
[Date "2024.01.06"]
[Round "3.44"]
[White "Gunarathne, Senith Thenula"]
[Black "Lyth, John D"]
[Result "0-1"]
[WhiteElo "1790"]
[BlackElo "1870"]
[PlyCount "136"]
[EventDate "2024.01.06"]
[WhiteTeam "Ashfield 2"]
[BlackTeam "Lancaster"]

1. e4 e5 2. Nf3 Nc6 3. d4 exd4 4. Bc4 Bc5 5. c3 Nf6 6. e5 d5 7. Bb5 Ne4 8. cxd4
Bb6 9. Bxc6+ bxc6 10. Nc3 O-O 11. Be3 Nxc3 12. bxc3 a5 13. O-O Bg4 14. h3 Bh5
15. Bf4 c5 16. Qd3 Bxf3 17. gxf3 cxd4 18. cxd4 Qh4 19. Qe3 Qxh3 20. Bg3 Rfe8
21. Rad1 Re6 22. f4 Rae8 23. Qf3 c6 24. Rd3 Qf5 25. Rfd1 f6 26. Rb3 Bd8 27.
Rdb1 fxe5 28. dxe5 Be7 29. Rb6 Bb4 30. Rc1 Rxe5 31. Rbxc6 Re1+ 32. Kh2 Rxc1 33.
Rxc1 Bd6 34. Rd1 Re4 35. Qb3 a4 36. Qxd5+ Qxd5 37. Rxd5 Bxf4 38. Bxf4 Rxf4 39.
Kg3 Rc4 40. Ra5 h6 41. Kg2 Kf7 42. Ra6 h5 43. Kf3 h4 44. Kg2 g6 45. Kh3 Kg7 46.
f3 Kh6 47. Ra5 g5 48. Kg2 Kh5 49. Kh3 Rf4 50. Kg2 h3+ 51. Kg3 Rh4 52. Kh2 Kg6
53. Rb5 Rf4 54. Kxh3 Rxf3+ 55. Kg4 Rf4+ 56. Kg3 Rc4 57. Ra5 Kh5 58. Rf5 Rc3+
59. Rf3 Rxf3+ 60. Kxf3 Kh4 61. Kg2 Kg4 62. a3 Kf4 63. Kf2 Ke4 64. Kg3 Kd4 65.
Kg4 Kc4 66. Kxg5 Kb3 67. Kf4 Kxa3 68. Ke3 Kb2 0-1

[Event "4NCL Division Four"]
[Site "Telford, ENG"]
[Date "2024.01.06"]
[Round "3.45"]
[White "Walsh, Richard"]
[Black "Hatton, David"]
[Result "1-0"]
[WhiteElo "1742"]
[BlackElo "1763"]
[PlyCount "63"]
[EventDate "2024.01.06"]
[WhiteTeam "Lancaster"]
[BlackTeam "Ashfield 2"]

1. b4 b6 2. Bb2 Bb7 3. e3 e6 4. Nf3 Nf6 5. b5 Be7 6. Be2 a6 7. a4 c6 8. c4 O-O
9. O-O d5 10. Nc3 cxb5 11. axb5 dxc4 12. Bxc4 axb5 13. Rxa8 Bxa8 14. Nxb5 Nc6
15. d4 Na5 16. Bd3 Qb8 17. Ne5 Nc6 18. Ng4 Nxg4 19. Qxg4 Bf6 20. e4 Rd8 21. e5
Bxe5 22. Bxh7+ Kxh7 23. dxe5 Nxe5 24. Qh4+ Kg8 25. Bxe5 Qb7 26. Qxd8+ Kh7 27.
Qh4+ Kg8 28. Qg3 f5 29. Nd6 Qd7 30. Rc1 Qa7 31. Rc8+ Kh7 32. Rxa8 1-0

[Event "4NCL Division Four"]
[Site "Telford, ENG"]
[Date "2024.01.06"]
[Round "3.51"]
[White "Davis, Lee"]
[Black "Bentley, Alex"]
[Result "1/2-1/2"]
[WhiteElo "2076"]
[BlackElo "1753"]
[PlyCount "62"]
[EventDate "2024.01.06"]
[WhiteTeam "The Full Ponty"]
[BlackTeam "Ashfield 3"]

1. d4 Nf6 2. g3 e6 3. Bg2 d5 4. Nf3 c5 5. O-O Nc6 6. c4 cxd4 7. Nxd4 Bc5 8.
Nxc6 bxc6 9. Nc3 Bb7 10. Bg5 h6 11. Bf4 O-O 12. Rc1 Rc8 13. Na4 Bd6 14. Be3 a6
15. Qb3 Ba8 16. cxd5 Nxd5 17. Bc5 Rb8 18. Qd1 Bxc5 19. Rxc5 Qe7 20. Qc1 Rb5 21.
Rd1 Rfb8 22. e4 Nb6 23. Rxb5 axb5 24. Nxb6 Rxb6 25. e5 Ra6 26. a3 c5 27. Bxa8
Rxa8 28. Rd6 Qc7 29. Qd1 b4 30. Qf3 Rb8 31. Qc6 Qxc6 1/2-1/2

[Event "4NCL Division Four"]
[Site "Telford, ENG"]
[Date "2024.01.06"]
[Round "3.52"]
[White "Combie, Alex B"]
[Black "Fletcher, John"]
[Result "1-0"]
[WhiteElo "1746"]
[BlackElo "2023"]
[PlyCount "75"]
[EventDate "2024.01.06"]
[WhiteTeam "Ashfield 3"]
[BlackTeam "The Full Ponty"]

1. e4 c5 2. Nf3 Nc6 3. Bb5 g6 4. O-O Bg7 5. Re1 Nf6 6. c3 O-O 7. d4 d5 8. exd5
Qxd5 9. Bxc6 Qxc6 10. dxc5 Qxc5 11. Bg5 Bg4 12. Bxf6 Bxf6 13. Nbd2 Rad8 14. Qb3
Qc6 15. h3 Be6 16. Rxe6 Qxe6 17. Qxe6 fxe6 18. Kf1 b5 19. Ke2 Rd5 20. a4 a6 21.
axb5 axb5 22. Ra6 Kf7 23. Ne4 Rc8 24. Nxf6 exf6 25. Ra7+ Kg8 26. Nd4 b4 27. Kd3
e5 28. Ke4 Rd6 29. Nb5 Rb6 30. Nc7 bxc3 31. bxc3 Rb1 32. Nd5 Re1+ 33. Kf3 Rf8
34. c4 Rf7 35. Ra8+ Kg7 36. c5 Rd1 37. Rd8 Rc7 38. Nxc7 1-0